Desarrollo de un lazo de control digital directo a través del puerto serie

Сохранить в:
Библиографические подробности
Главный автор: Sáenz Fallas, Roberto
Формат:
Опубликовано: San José, C.R. 2000
Предметы:
Метки: Добавить метку
Нет меток, Требуется 1-ая метка записи!

MARC

LEADER 00000nam a2200000Ia 4500
003 010193
005 20221231144205.0
008 140114s2000 cr a m 000 ||s d
040 |c cru CEDI 
090 |a TFG 4213 
100 |a Sáenz Fallas, Roberto   |9 7967 
245 |a Desarrollo de un lazo de control digital directo a través del puerto serie  
260 |c 2000  |a  San José, C.R. 
300 |a  x, 51 hojas : ilustraciones  
500 |a  Proyecto de graduación (bachillerato en ingeniería eléctrica)--Universidad de Costa Rica. Facultad de Ingeniería. Escuela de Ingeniería Eléctrica 
650 |x CONTROL ELECTRONICO   |x SISTEMAS DE CONTROL DIGITAL  |9 7968 
942 |c TFG 
999 |c 18200  |d 18200